| 000 | 00426nam a2200181Ia 4500 | ||
|---|---|---|---|
| 001 | 3214 | ||
| 005 | 20260306144904.0 | ||
| 008 | 260306t2016||||xx |||||||||||||| ||spa|| | ||
| 041 | _aESP | ||
| 082 |
_a262.4 _bG84 |
||
| 100 |
_aGuardini, Romano _eAUT |
||
| 245 | 0 | _aIntroducción a la vida de oración | |
| 260 | _c2016 | ||
| 300 |
_a216 páginas : _c24 cm. |
||
| 650 | _aGEN | ||
| 654 | _aCHU | ||
| 942 |
_cLIB _dJUS _fJUS _2ddc _n |
||
| 999 |
_c3214 _d3214 |
||